| 000 | 00492nam a22001812 4500 | ||
|---|---|---|---|
| 001 | 0000005500 | ||
| 005 | 20151217160104.0 | ||
| 008 | 070615s xx 000 0 eng d | ||
| 040 |
_aKABU _cKABU |
||
| 050 | 0 |
_aPZ7 _b.B4S76 |
|
| 100 | 1 |
_aBgoya, Walter. _@0000156776 |
|
| 245 | 1 | 4 | _aThe Story of the crow and the frog. |
| 260 |
_aDar-es-Salaam : _bMkuki na Nyota, _c2002. |
||
| 300 | _a18 p. | ||
| 908 | _a070615 | ||
| 950 | _@1 | ||
| 999 |
_c14068 _d14068 |
||